Downton Abbey Filming Locations on a Map - Statistics

General Stats
  • This quiz has been taken 158 times
    152 since last reset
  • The average score is 4 of 8
Answers on the Map
Answers color-coded by a green-red scale on the quiz's map according to % correct below.
 
Answer Stats
Fictional Place Real Place County % Correct
London residence Bridgewater House Greater London
87%
Downton Abbey Highclere Castle Hampshire
59%
Brancaster Castle Alnwick Castle Northumberland
53%
Downton village Bampton Oxfordshire
50%
Isobel Crawley's house exterior Churchgate House, Bampton Oxfordshire
50%
Dower House Byfleet Manor Surrey
50%
Isobel Crawley's house interior Hall Place, Beaconsfield Buckinghamshire
46%
Duneagle Castle Inveraray Castle Argyll
25%
No matching quizzes found
Score Distribution
Percent of People with Each Score
Percentile by Number Answered
Your Score History
You have not taken this quiz since the last reset